| 000 | 01106nam a2200289Ia 4500 | ||
|---|---|---|---|
| 001 | ebr10742636 | ||
| 003 | CaPaEBR | ||
| 006 | m o u | ||
| 007 | cr cn||||||||| | ||
| 008 | 111102s2013 enka s 001 0 eng d | ||
| 020 | _z9781782178224 | ||
| 020 | _z9781782178231 | ||
| 040 |
_aCaPaEBR _cCaPaEBR |
||
| 035 | _a(OCoLC)855898003 | ||
| 050 | 1 | 4 |
_aQA76.73.L228 _bF56 2013eb |
| 100 | 1 | _aFinot, Sebastien. | |
| 245 | 1 | 0 |
_aBuilding interactive queries with LINQPad _h[electronic resource] / _cSebastien Finot. |
| 260 |
_aBirmingham, UK : _bPackt Pub., _c2013. |
||
| 300 |
_aiv, 112 p. : _bill. |
||
| 500 | _aIncludes index. | ||
| 533 |
_aElectronic reproduction. _bPalo Alto, Calif. : _cebrary, _d2013. _nAvailable via World Wide Web. _nAccess may be limited to ebrary affiliated libraries. |
||
| 630 | 0 | 0 | _aMicrosoft LINQ (Computer software) |
| 650 | 0 | _aQuery languages (Computer science) | |
| 655 | 7 |
_aElectronic books. _2local |
|
| 710 | 2 | _aebrary, Inc. | |
| 856 | 4 | 0 |
_uhttp://site.ebrary.com/lib/rucke/Doc?id=10742636 _zAn electronic book accessible through the World Wide Web; click to view |
| 999 |
_c35376 _d35376 |
||